<?xml version="1.0" encoding="UTF-8"?>
<record
    xmlns:xsi="http://www.w3.org/2001/XMLSchema-instance"
    xsi:schemaLocation="http://www.loc.gov/MARC21/slim http://www.loc.gov/standards/marcxml/schema/MARC21slim.xsd"
    xmlns="http://www.loc.gov/MARC21/slim">

  <leader>01054nam a2200301 a 4500</leader>
  <datafield tag="999" ind1=" " ind2=" ">
    <subfield code="c">23047</subfield>
    <subfield code="d">23047</subfield>
  </datafield>
  <controlfield tag="001">vtls001522913</controlfield>
  <controlfield tag="005">20220114133456.0</controlfield>
  <controlfield tag="008">171201s2004    xo dab f      000 0 cze  </controlfield>
  <datafield tag="020" ind1=" " ind2=" ">
    <subfield code="a">8096804553</subfield>
    <subfield code="q">(viaz.)</subfield>
  </datafield>
  <datafield tag="040" ind1=" " ind2=" ">
    <subfield code="a">SNK</subfield>
    <subfield code="b">slo</subfield>
    <subfield code="c">SNK</subfield>
  </datafield>
  <datafield tag="041" ind1="1" ind2=" ">
    <subfield code="a">cze</subfield>
    <subfield code="h">slo</subfield>
  </datafield>
  <datafield tag="044" ind1=" " ind2=" ">
    <subfield code="a">xo</subfield>
    <subfield code="c">SK</subfield>
  </datafield>
  <datafield tag="072" ind1=" " ind2="7">
    <subfield code="a">27-1/-2</subfield>
    <subfield code="x">Kres&#x165;ansk&#xE1; teol&#xF3;gia. Dogmatick&#xE1; teol&#xF3;gia</subfield>
    <subfield code="2">konspekt</subfield>
  </datafield>
  <datafield tag="080" ind1=" " ind2=" ">
    <subfield code="a">27-167.2</subfield>
    <subfield code="2">MDT-MRF</subfield>
  </datafield>
  <datafield tag="080" ind1=" " ind2=" ">
    <subfield code="a">27-584</subfield>
    <subfield code="2">MDT-MRF</subfield>
  </datafield>
  <datafield tag="080" ind1=" " ind2=" ">
    <subfield code="a">(0.062)</subfield>
    <subfield code="2">MDT-MRF</subfield>
  </datafield>
  <datafield tag="100" ind1="1" ind2=" ">
    <subfield code="a">P&#xE1;le&#x161;, Emil,</subfield>
    <subfield code="d">1966-</subfield>
    <subfield code="9">2489</subfield>
  </datafield>
  <datafield tag="245" ind1="1" ind2="0">
    <subfield code="a">Angelologie d&#x11B;jin</subfield>
    <subfield code="n">1</subfield>
    <subfield code="p">Synchronicita a periodicita v d&#x11B;jin&#xE1;ch</subfield>
    <subfield code="c">Emil P&#xE1;le&#x161; ; [p&#x159;eklad ze sloven&#x161;tiny: Kamila Pol&#xE1;kov&#xE1;]</subfield>
  </datafield>
  <datafield tag="250" ind1=" " ind2=" ">
    <subfield code="a">[1. vyd.]</subfield>
  </datafield>
  <datafield tag="260" ind1=" " ind2=" ">
    <subfield code="a">Bratislava</subfield>
    <subfield code="b">Sophia</subfield>
    <subfield code="c">2004</subfield>
  </datafield>
  <datafield tag="300" ind1=" " ind2=" ">
    <subfield code="a">480 s.</subfield>
    <subfield code="b">fareb. fotogr., ilustr., grafy., mp.</subfield>
    <subfield code="c">30 cm</subfield>
  </datafield>
  <datafield tag="490" ind1="1" ind2=" ">
    <subfield code="a">Z&#xE1;klady duchovn&#xED; v&#x11B;dy</subfield>
    <subfield code="v">2</subfield>
  </datafield>
  <datafield tag="650" ind1="0" ind2="7">
    <subfield code="a">angelol&#xF3;gia</subfield>
    <subfield code="2">SNKPH</subfield>
    <subfield code="9">2490</subfield>
  </datafield>
  <datafield tag="650" ind1="0" ind2="7">
    <subfield code="a">duchovn&#xFD; &#x17E;ivot</subfield>
    <subfield code="2">SNKPH</subfield>
    <subfield code="9">2491</subfield>
  </datafield>
  <datafield tag="650" ind1="0" ind2="7">
    <subfield code="a">anjeli</subfield>
    <subfield code="2">SNKPH</subfield>
    <subfield code="9">2492</subfield>
  </datafield>
  <datafield tag="655" ind1=" " ind2="7">
    <subfield code="a">popul&#xE1;rno-n&#xE1;u&#x10D;n&#xE9; publik&#xE1;cie</subfield>
    <subfield code="2">SNKPH</subfield>
    <subfield code="9">1486</subfield>
  </datafield>
  <datafield tag="700" ind1="1" ind2=" ">
    <subfield code="a">Pol&#xE1;kov&#xE1;, Kamila</subfield>
    <subfield code="4">trl</subfield>
    <subfield code="9">2493</subfield>
  </datafield>
  <datafield tag="952" ind1=" " ind2=" ">
    <subfield code="0">0</subfield>
    <subfield code="1">0</subfield>
    <subfield code="2">udc</subfield>
    <subfield code="4">0</subfield>
    <subfield code="7">0</subfield>
    <subfield code="8">D</subfield>
    <subfield code="a">10000</subfield>
    <subfield code="b">10000</subfield>
    <subfield code="d">2022-01-14</subfield>
    <subfield code="i">21394</subfield>
    <subfield code="l">1</subfield>
    <subfield code="o">S1500</subfield>
    <subfield code="p">S1500</subfield>
    <subfield code="r">2023-07-13</subfield>
    <subfield code="s">2023-06-09</subfield>
    <subfield code="w">2022-01-14</subfield>
    <subfield code="y">OLDO</subfield>
  </datafield>
</record>
